LEADER 01162nam a2200253 i 4500 001 000000135985 003 CaOOAMICUS 005 20171211000000.0 008 171211s1863 it u000 u ita u 013 $a109446 040 $aSeMil$bita 100 1 $aSoltyk, Roman,$d<1791-1843>.$0(OLS)http://semarc/name/89392 245 13$aLa Polonia e sua rivoluzione nel 1830 /$cper Romano Soltyk ; con proemio generale di Cesare Cantu e appendice degli avvenimenti posteriori. 260 $aMilano :$bCorona e Caimi,$c1863. 300 $a435 p. ;$c19 cm. 490 0 $aCollana di storie e memorie contemporanee ;$v1 650 4$aPolonia - Storia - 1830-1850.$0(OLS)http://semarc/subject/46267 700 1 $aCantù, Cesare,$c<1804-1895>.$0(OLS)http://semarc/name/2844 830 0$aCollana di storie e memorie contemporanee ;$v1.$0(OLS)http://semarc/title/408459 850 $aSeMil 852 $aSeMil$W1$xVenegono$y1$m3T II 27 FA$j89617$B89617$CSeMilBibl$Z2$F220369 $8I 961 $aRecupero: Altro 996 $6245$aLa Polonia e sua rivoluzione nel 1830$9(OLS)http://semarc/title/408458 996 $6260$aMilano :$bCorona e Caimi$9(OLS)http://semarc/publisher/55638 LEADER 00837nam a2200205 i 4500 001 000000099604 003 CaOOAMICUS 005 20230213143444.0 008 180830s1955 xx u000 u und u 040 $aSeMil$bita 100 1 $aBacchelli, Riccardo,$d<1891-1985>.$0(OLS)http://semarc/name/1548 245 10$aNel fiume della storia :$briflessioni, discorsi e saggi storici /$cRiccardo Bacchelli. 264 1$aMilano :$bRizzoli,$c1955. 300 $a599 p. ;$c20 cm 650 4$aStoria.$0(OLS)http://semarc/subject/4043 850 $aSeMil 852 $aSeMil$W1$xVenegono$y1$m78 54 *$j57043$B57043$CSeMilBibl$Z2$F67115 $81 996 $6245$aNel fiume della storia :$briflessioni, discorsi e saggi storici$9(OLS)http://semarc/title/121379 996 $6264$aMilano :$bRizzoli$9(OLS)http://semarc/publisher/29824